Global Cuisine by Images - A - Statistics

General Stats
  • This quiz has been taken 77 times
  • The average score is 2 of 16
Answer Stats
Picture Answer % Correct
Apple pie
94%
Arancini
44%
Aligot
12%
Aspic
11%
Albondigas
8%
Anpan
5%
Apfelkuchen
5%
Aloo Matar
3%
Ayran
3%
Antojitos
2%
Acaraje
0%
Alloco
0%
Amygdalota
0%
Aranygaluska
0%
Arroz de Polvo
0%
Aseeda
0%
No matching quizzes found
Score Distribution
Percent of People with Each Score
Percentile by Number Answered
Your Score History
You have not taken this quiz